Word Ladder: The Declaration of Independence Quiz Stats

 Plays Quiz Updated Jul 4, 2017

Challenge
Share
Tweet
Embed
Score 0/67 Timer 08:00
0 Plays Today
☆ ☆ ☆ Hint ☆ ☆ ☆ 4-Letter Word % Correct
★ State which at first abstained from voting on independence:
New ____
YORK
95.2%
Vegetable crop on a cobCORN
94.9%
★ First Declaration signer: ____ Hancock ★JOHN
94.6%
Round, metallic currencyCOIN
94.4%
Goatee locationCHIN
94.1%
Prison roomCELL
93.9%
Deeper than earth's mantleCORE
93.8%
Front of lower legSHIN
93.7%
The other white meatPORK
93.7%
Bring together, as in marriageJOIN
93.5%
What 'X' might markSPOT
93.1%
★ Material on which Declaration was originally written:
stretched animal ____ (parchment) ★
SKIN
93%
Haiti capital ___-au-PrincePORT
92.7%
Short comedy sketch SKIT
92%
★ Virginia Convention’s May 15 resolution: “that these United Colonies are, and of right ought to be, ____ and independent States” ★FREE
91.8%
Chimney residueSOOT
91.6%
Long ago, former times YORE
91.5%
★ National Archives: the original Declaration's home
along with the Constitution and ____ of Rights ★
BILL
91.2%
In good healthWELL
91.1%
Podiatrist concernsFEET
90.9%
★ Declaration listed 27 grievances against ____ George III ★KING
90.8%
★ Back of document: 'Original Declaration of Independence,
dated 4th ____ 1776' (sorry, no map) ★
JULY
90%
'Wizard of Oz' actress GarlandJUDY
90%
Actor's part in a playROLE
89.8%
May be deciduous or coniferousTREE
89.7%
Guitar neck dividerFRET
89.7%
ExpectorateSPIT
89.6%
★ On July 2, 1776 the Continental Congress declared
Colonies no longer under British ____
RULE
89.2%
Egyptian riverNILE
89.1%
Friendly, generous, and considerate KIND
89%
Microsoft search engineBING
88.7%
Sen. Joseph McCarthy lawyer RoyCOHN
88.6%
Impolite, discourteousRUDE
88.5%
★ Ninth grievance against the British sovereign:
'He has made Judges dependent on his ____ alone' ★
WILL
87.9%
☆ ☆ ☆ Hint ☆ ☆ ☆ 4-Letter Word % Correct
Main body of a shipHULL
87.8%
Bee homeHIVE
87.7%
Boston NBA player (abbrev.)CELT
86.8%
★ Declaration first publicly read on July 8, 1776
on the lawn of what is now Independence ____
HALL
86.7%
Fix, repairMEND
86.7%
EmployHIRE
86.6%
What is a terrible thing to wasteMIND
86.5%
Un-employFIRE
86.3%
Foolish old manCOOT
85.8%
Archaic second person singularTHEE
85.7%
US firearms manufacturerCOLT
85.7%
★ A committee of ____ men
were appointed to draft the Declaration ★
FIVE
85.4%
★ Among the Creator-endowed unalienable rights (after John Locke's treatise): ____, Liberty and the pursuit of Happiness ★LIFE
84.9%
'Something's Gotta Give' actress AmandaPEET
84.8%
Penultimate NT bookJUDE
84.7%
1973 baseball movie: '____ the Drum Slowly'BANG
84.5%
'The 40-Year-Old Virgin' actor PaulRUDD
84.5%
Attractively lively or cheekyPERT
84.4%
Florida State University athlete (abbrev.)'NOLE
84.3%
Broadway songwriter StyneJULE
83.6%
Point connectorLINE
83.3%
★ State with most Declaration signers: Pennsylvania (with ____) ★NINE
83%
Small, shrill flute (or Mayberry deputy Barney)FIFE
82.8%
★ First sentence: '____ in the Course of human events it becomes necessary for one people to dissolve the political bands which have connected them with another . . .' ★WHEN
82%
★ Hancock allegedly signed his name large enough so that
'John ____ can read [it] without spectacles.' ★
BULL
80.9%
Alcoholic drink of fermented honey and waterMEAD
78.9%
Child's expression of exuberanceWHEE!
78.1%
'Sanford and Son' actor FoxxREDD
76.8%
★ Attributed to Ben Franklin: “We must all ____ together
or assuredly we will all ____ separately.” ★
HANG
75.8%
Holbrook, Linden, and Space Odyssey's 9000HALS
70.5%
★ George ____: Delaware representative who voted against independence thus prompting Caesar Rodney's midnight ride ★READ
69.9%
'Silver Skates' character BrinkerHANS
67.1%
★ Last sentence: ' . . . with a ____ reliance on the protection
of divine Providence, we mutually pledge to each other our Lives,
our Fortunes and our sacred Honor.' ★
FIRM
50.9%

Today's Daily Dose

Missing Word
TV HA - HZ

Word Ladder
Nordic Capital

On This Day
January 19th II

You're not logged in!

Compare scores with friends on all Sporcle quizzes.
OR
Log In

You Might Also Like...

Show Comments

Extras

Top Quizzes Today


Score Distribution

Your Account Isn't Verified!

In order to create a playlist on Sporcle, you need to verify the email address you used during registration. Go to your Sporcle Settings to finish the process.

Report this User

Report this user for behavior that violates our Community Guidelines.

Details: